| 000 | 01251nam a22003257a 4500 | ||
|---|---|---|---|
| 003 | DO-SdBPM | ||
| 005 | 20260217113554.0 | ||
| 007 | ta | ||
| 008 | 161031b1960 cl 00| 0 spa d | ||
| 020 | _a0816399646 | ||
| 040 |
_a DO-SdBPM _bspa _cBPMSU _erda |
||
| 082 | 4 |
_a150.13 _bP438c 1981 _222 |
|
| 100 | 1 |
_aPérez Marcio, Braulio _4aut. _eautor |
|
| 245 | 1 | 3 |
_aLa conquista del exito : _bcartas a mis hijos / _cBraulio Pérez Marcio |
| 250 | _a8a. reimpr., 1981 | ||
| 260 | _c | ||
| 264 |
_aEstados Unidos : _bPublicaciones interamericanas, _c1981. |
||
| 300 |
_a207 páginas : _bilustraciones, retrato ; _c23 cm. |
||
| 336 |
_atexto _btxt _2rdacontent |
||
| 337 |
_asin mediación _bn _2rdamedia |
||
| 338 |
_avolumen _bnc _2rdacarrier |
||
| 505 | _8Iníciate correctamente en la vida 9 -- El valor y la perseverancia 17 -- Lecciones del dolor 29 -- La única fuente del optimismo 35 -- Un puerto a que llegar 45 -- La dignidad del trabajo 50 -- Piedras en el camino, 119 -- El egoísmo y cómo vencerlo. | ||
| 590 | _aInventariado, 2026/VM | ||
| 650 | 7 | _aAutorrealización (Psicología) | |
| 650 | 7 | _aAutoestima | |
| 650 | 7 | _aÉxito | |
| 650 | 7 | _aOptimismo | |
| 910 | _a VMateo V. Control de calidad. BPMSU | ||
| 942 |
_2ddc _cBK |
||
| 999 |
_c12873 _d12873 |
||